NFL Players on the 2001 best recruits list (and one baseball player) - Statistics

General Stats
  • This quiz has been taken 4 times
  • The average score is 4 of 10
Answer Stats
Hint Answer % Correct
49ers RB Frank Gore
100%
Cardinals WR Larry Fitzgerald
100%
Twins C/1B Joe Mauer
50%
Bengals/Rams OT Andrew Whitworth
25%
Bengals RB Cedric Benson
25%
Chiefs OLB Derrick Johnson
25%
Broncos QB Kyle Orton
25%
Rams RB Steven Jackson
25%
Panthers QB Derek Anderson
0%
Colts RB Joseph Addai
0%
No matching quizzes found
Score Distribution
Percent of People with Each Score
Percentile by Number Answered
Your Score History
You have not taken this quiz